Analýza rizík a predídenie závažným udalostiam v logistickom priestore podniku pomocou umelej inteligencie

Uložené v:
Podrobná bibliografia
Hlavný autor: Zbudila, Michal (Autor)
Ďalší autori: Buranská, Eva (Vedúci práce)
Médium: Rukopis Kniha
Jazyk:Slovak
Vydavateľské údaje: 2025
Predmet:
On-line prístup:http://is.stuba.sk/zp/portal_zp.pl?podrobnosti=193863
Tagy: Pridať tag
Žiadne tagy, Buďte prvý, kto otaguje tento záznam!

MARC

LEADER 00000ntm a22000003a 4500
001 stuzp105516
003 SK-STU
005 20250628212834.1
007 ta
008 150427s2015----xo-----f-mn---000-0-slo-d
040 |a STU  |b slo 
041 0 |a slo 
100 1 |a Zbudila, Michal  |u 065000  |4 aut  |U MTF Materiálovotechnologická fakulta  |T MTF Ústav integrovanej bezpečnosti  |X 121873  |U M5000  |Y 85  |7 121873 
242 0 1 |a Risk analysis and prevention of serious incidents in the logistics space of a company using artificial intelligence  |y eng 
245 1 0 |a Analýza rizík a predídenie závažným udalostiam v logistickom priestore podniku pomocou umelej inteligencie 
260 |c 2025 
650 4 |a Umelá inteligencia  |2 slo 
650 4 |a Podnik  |2 slo 
650 4 |a Implementácia  |2 slo 
650 4 |a Školenie  |2 slo 
650 4 |a Analýza rizík  |2 slo 
650 4 |a Company  |2 eng 
650 4 |a Safety training  |2 eng 
650 4 |a Risk analysis  |2 eng 
650 4 |a Implementation  |2 eng 
650 4 |a Artificial intelligence  |2 eng 
700 1 |a Buranská, Eva  |u 065200  |k Z1  |4 ths  |U MTF Ústav integrovanej bezpečnosti  |T MTF Katedra bezpečnostného inžinierstva  |X 28428  |U M5200  |Y 192  |7 28428 
856 4 |u http://is.stuba.sk/zp/portal_zp.pl?podrobnosti=193863 
996 |c M* BP-10058  |l MMSKP  |s P  |a 0  |w stuzp105516_0001